000 01387nam a2200241Ia 4500
008 220216s9999 xx 000 0 und d
100 _aPillai Padmanabha S
245 0 _aHysteresis ratio method to assess the contribution of tyre components to rolling resistance
260 _bIndian Journal of Natural Rubber Research
_c2000
300 _a18-Nov
520 _aThe hysteresis ratio values of the belt, tread and the carcass sections, cut from three P195/75R14 size tyres of different construction were determined. The fractional contribution of each component to the tyre structural hysteresis ratio at zero inflation pressure was estimated using the respective component volume fraction. The sum of the fractional hysteresis contributions of each tyre component agreed with its structural hystersis ratio determined independently. The contribution of the belt package was approximately 10 per cenet irrespective of tyre construction. The contribution of tread ranged between 25 and 50 per cent and that of carcass, about 30 to 55 per cent depending on the tyre construction.
650 _aBelt package
650 _aBelt package
650 _aCarcass
650 _aCarcass
650 _aHysteresis ratio
650 _aHysteresis ratio
650 _aTread
650 _aTread
650 _aTyre rolling resistance
650 _aTyre rolling resistance
942 _cAR
999 _c47149
_d47149